Watershed resources management : (Record no. 6024)
[ view plain ]
| 000 -LEADER | |
|---|---|
| fixed length control field | 00952cam a2200265 a 4500 |
| 001 - CONTROL NUMBER | |
| control field | BD-DhSAU 6024 |
| 003 - CONTROL NUMBER IDENTIFIER | |
| control field | BD-DhSAU |
| 005 - DATE AND TIME OF LATEST TRANSACTION | |
| control field | 20150501121845.0 |
| 008 - FIXED-LENGTH DATA ELEMENTS--GENERAL INFORMATION | |
| fixed length control field | 860807s1986 coua b 001 0 eng |
| 020 ## - INTERNATIONAL STANDARD BOOK NUMBER | |
| International Standard Book Number | 081337300X |
| 040 ## - CATALOGING SOURCE | |
| Original cataloging agency | BD-DhSAU |
| 082 00 - DEWEY DECIMAL CLASSIFICATION NUMBER | |
| Classification number | 333.73 |
| Edition number | 22 |
| Item number | WAT |
| 245 00 - TITLE STATEMENT | |
| Title | Watershed resources management : |
| Remainder of title | an integrated framework with studies from Asia and the Pacific / |
| Statement of responsibility, etc. | edited by K. William Easter, John A. Dixon, Maynard M. Hufschmidt. |
| 260 ## - PUBLICATION, DISTRIBUTION, ETC. (IMPRINT) | |
| Place of publication, distribution, etc. | Boulder : |
| Name of publisher, distributor, etc. | Westview Press, |
| Date of publication, distribution, etc. | 1986. |
| 300 ## - PHYSICAL DESCRIPTION | |
| Extent | xx, 236 p. : |
| Other physical details | ill. ; |
| Dimensions | 23 cm. |
| 440 #0 - SERIES STATEMENT/ADDED ENTRY--TITLE | |
| Title | Studies in water policy and management ; |
| Volume/sequential designation | no. 10 |
| 504 ## - BIBLIOGRAPHY, ETC. NOTE | |
| Bibliography, etc | Includes bibliographies and index. |
| 590 ## - Name of Cataloguer | |
| Name of Cataloger | IMRAN |
| 650 #0 - SUBJECT ADDED ENTRY--TOPICAL TERM | |
| Topical term or geographic name as entry element | Watershed management. |
| 650 #0 - SUBJECT ADDED ENTRY--TOPICAL TERM | |
| Topical term or geographic name as entry element | Watershed management |
| Geographic subdivision | Asia |
| General subdivision | Case studies. |
| 650 #0 - SUBJECT ADDED ENTRY--TOPICAL TERM | |
| Topical term or geographic name as entry element | Watershed management |
| Geographic subdivision | Pacific Area |
| General subdivision | Case studies. |
| 700 1# - ADDED ENTRY--PERSONAL NAME | |
| Personal name | Easter, K. William. |
| 700 1# - ADDED ENTRY--PERSONAL NAME | |
| Personal name | Dixon, John A., |
| 700 1# - ADDED ENTRY--PERSONAL NAME | |
| Personal name | Hufschmidt, Maynard M. |
| 942 ## - ADDED ENTRY ELEMENTS (KOHA) | |
| Source of classification or shelving scheme | Dewey Decimal Classification |
| Koha item type | Book |
| Withdrawn status | Lost status | Source of classification or shelving scheme | Damaged status | Not for loan | Collection code | Home library | Branch Name | Shelving location | Date acquired | Total Checkouts | Full call number | Barcode | Date last seen | Price effective from | Koha item type |
|---|---|---|---|---|---|---|---|---|---|---|---|---|---|---|---|
| Dewey Decimal Classification | Not For Loan | Reference | SAU Library | SAU Library | Reference | 26/01/2006 | 333.73 WAT | 31607 | 01/05/2015 | 01/05/2015 | Book |
